000
00288nam a2200133Ia 4500
008
230312s9999||||xx |||||||||||||| ||und||
082
_a
891.4
_b
HAM-M
100
_a
Hameed,A
245
0
_a
Matti Ki Moona Liza
260
_b
SangeMeel
300
_a
224
650
_a
Literature
942
_c
BK
999
_c
8634
_d
8634